00682nam a2200265Ia 4500008004100000020001400041050001100055050001400066100002000080245002900100245004700129245002300176250001900199260001000218260001200228260000900240300002100249300002000270300001000290500005100300650002500351650001300376650001600389700001100405171025s9999 xx 000 0 und d a525949453 a306.46 bB862 2006 aBritten, Rhonda aDo I look fat in this? : bget over your body and on with your life / cby Rhonda Britten. aFirst edition. aUSA : bDutton, c2006 axii, 253 pages : billustrations ; c23cm. aAs seen on the hit daytime show Starting over. aBody image in women. aWomen -- xPsychology. aTitle.